|
|
|
|
| LEADER |
01184nam a2200325 a 4500 |
| 001 |
000539006 |
| 003 |
CZ BrMZK |
| 005 |
20110228170800.0 |
| 007 |
ta |
| 008 |
000115s2000 xr g f cze d |
| 015 |
|
|
|a cnb000974106
|
| 020 |
|
|
|a 80-7257-253-9
|
| 035 |
|
|
|a (OCoLC)85004637
|
| 040 |
|
|
|a BOA001
|b cze
|
| 072 |
|
7 |
|a 821.111(73)-3
|x Americká próza
|2 Konspekt
|9 25
|
| 080 |
|
|
|a 821.111(73)-31
|2 MRF
|
| 080 |
|
|
|a (0:82-312.4)
|2 MRF
|
| 100 |
1 |
|
|a Grace, Tom
|7 jn20001103745
|4 aut
|
| 245 |
1 |
0 |
|a Zvěd v síti :
|b [špionážní román nové éry] /
|c Tom Grace ; [přeložil Antonín Otáhal]
|
| 250 |
|
|
|a 1. vyd. v českém jaz.
|
| 260 |
|
|
|a [Praha] :
|b BB art,
|c 2000
|
| 300 |
|
|
|a 332 s. ;
|c 21 cm
|
| 655 |
|
7 |
|a americké romány
|7 fd131796
|2 czenas
|
| 655 |
|
7 |
|a špionážní romány
|7 fd133920
|2 czenas
|
| 700 |
1 |
|
|a Otáhal, Antonín,
|d 1955-
|7 jn20001103746
|4 trl
|
| 765 |
0 |
|
|t Spyder web
|
| 856 |
4 |
1 |
|u http://www.digitalniknihovna.cz/mzk/uuid/uuid:561cb4c0-397b-11e4-8e0d-005056827e51
|y Digitalizovaný dokument
|x NDK
|
| 910 |
|
|
|a BOA001
|b 2-1078.905
|
| 990 |
|
|
|a BK
|
| 996 |
6 |
|
|b 2610124448
|c 2-1078.905
|l MZK
|r Sklad / do 1 hodiny
|n 3
|p p.v.
|w 000539006
|u 000010
|a 1
|e BOA001
|j MZK50
|s P
|